1955 1475 1338 1280 1644 1282 1159 1524 1134 1541 1376 1643 1824 1254 1739 1438 1345 1440 1520 1193 1917 1256 1472 1728 1178 1463 1061 1874 1542 1990 1759 1974 1340 1788 1132 1025 1455 1124 1061 1534 1121 1796 1103 1067 1798 1927 1485 1660 1313 1686 1428 1494 1993 1811 1471 1294 1343 1776 1760 1092 1901 1113 1918 1210 1220 1676 1608 1532 1790 1654 1689 1853 1038 1478 1471 1356 1588 1757 1242 1737 1864 1111 1584 1071 1987 1633 1674 1707 1114 1511 1755 1957 1336 1850 1681 1040 1000 1015 1795 BCNSPRNW ULIB Ver.6.0+V

เปลี่ยนเป็นภาษาไทย

Change to English
 แสดงรายละเอียดบรรณานุกรม
  กลับหน้าหลัก

Brief Record : Get Marc (ISO 2709) : E-mail record : QR code < ปิดหน้าต่าง
LEADER : 00000nas 2200000uu 4500
001    13399127613
003     ULIB
008    210308s2563||||th 000 0 tha d
022 0  ^a01257323
245 00 ^aวารสารการแพทย์เขต 4-5 = REGION 4-5 MEDICAL JOURNAL/^cชมรมแพทย์เขต 4-5
310    ^aรายสามเดือน
850 ^a ULIB^bปีที่ 39 ฉบับที่ 4 ฉ.1 ;ปีที่ 41 ฉบับที่ 4 ฉ.1
945    ^p0^l0^i905672
945    ^p0^l0^i906069
999    ^aประนอม เกษจรัล
รายการนี้ยังไม่มีแท็ก
คุณยังไม่ได้ล็อกอิน คุณสามารถมีกิจกรรมร่วมกับเว็บไซต์ได้ แต่ต้องล็อกอินก่อน ::
  ล็อกอิน

รายการสื่อสารสนเทศ (วารสาร)

ดูแบบ: กล่อง รายการ
ARRIVED
ปีที่ 39 ฉบับที่ 4 ฉ.1
สถานที่: ห้องสมุดวิทยาเขตสวรรค์ประชารักษ์ >วารสาร
ARRIVED
ปีที่ 41 ฉบับที่ 4 ฉ.1
สถานที่: ห้องสมุดวิทยาเขตสวรรค์ประชารักษ์ >วารสาร

BibComment


ยังไม่เคยถูกคอมเมนท์

คอมเมนท์ทรัพยากรรายการนี้
  คอมเมนท์: วารสารการแพทย์เข..


 Copyright 2026. Bcnsprnw @Library